LEADER 01334nam0-2200373 --450 001 9911034276903321 005 20251026110940.0 100 $a20251026d kmuy0itay5050 ba 101 0 $aita 102 $aIT 105 $aa 001yy 200 1 $aEnciclopedia agraria italiana$eopera illustrata con numerose incisioni nel testo e tavole in litografia$fredatta da agronomi delle diverse provincie e diretta dal commendatore Gaetano Cantoni ... 210 $aTorino$cUnione Tipografico-Editrice 215 $avolumi$cill.$d27 cm. 610 0 $aAgraria$aEnciclopedie 676 $a338.1$v23$zita 702 1$aCantoni,$bGaetano$f<1815-1887> 801 0$aIT$bUNINA$gREICAT$2UNIMARC 901 $aBK 912 $a9911034276903321 952 $aE ARB 7-1.1$b03/4428/25$fFAGBC 952 $aE ARB 7-1.2$b03/4429/25$fFAGBC 952 $aE ARB 7-2.1$b03/4430/25$fFAGBC 952 $aE ARB 7-2.2$b03/4431/25$fFAGBC 952 $aE ARB 7-3.1$b03/4432/25$fFAGBC 952 $aE ARB 7-3.2$b03/4433/25$fFAGBC 952 $aE ARB 7-3.3$b03/4434/25$fFAGBC 952 $aE ARB 7-3.4$b03/4435/25$fFAGBC 952 $aE ARB 7-4.1$b03/4436/25$fFAGBC 952 $aE ARB 7-4.2.$b03/4437/25$fFAGBC 952 $aE ARB 7-4.3.$b03/4438/25$fFAGBC 959 $aFAGBC 996 $aEnciclopedia agraria italiana$979112 997 $aUNINA